International Journal of Physics (Record no. 5491)

MARC details
000 -LEADER
fixed length control field 00344nam a22001337a 4500
005 - DATE AND TIME OF LATEST TRANSACTION
control field 20170630104250.0
008 - FIXED-LENGTH DATA ELEMENTS--GENERAL INFORMATION
fixed length control field 170630b xxu||||| |||| 00| 0 eng d
022 ## - INTERNATIONAL STANDARD SERIAL NUMBER
ISSN 2249-3174
245 ## - TITLE STATEMENT
Title International Journal of Physics
250 ## - EDITION STATEMENT
Edition statement Volume-7- Issue No 1
260 ## - PUBLICATION, DISTRIBUTION, ETC. (IMPRINT)
Place of publication Delhi
Name of publisher Research India Publication
Year of publication 2017
300 ## - PHYSICAL DESCRIPTION
Number of Pages P91
942 ## - ADDED ENTRY ELEMENTS (KOHA)
Koha item type Journals/Serial
Holdings
Lost status Damaged status Home library Current library Date acquired Source of acquisition Cost, normal purchase price Accession Number Koha item type Shelving location
    JRU Library   30/06/2017 Purchase 3600.00 IJAP0001 Journals/Serial  
    JRU Library   06/01/2018     IJAP0002 Journals/Serial  
    JRU Library   28/08/2018 Purchase 3600.00 IJAP0003 Journals/Serial Periodicals Section
    JRU Library   24/12/2018     IJAP0004 Journals/Serial Periodicals Section